000 01580nam a22002775a 4500
003 OSt
005 20180428142659.0
008 180428s1987 ua a frb 000 0 ara d
020 _a9226060541
040 _aEG-ScBUE
_bara
_cEG-ScBUE
043 _ama-----
082 0 4 _a331.1109174927
_bس ك ا
_222
245 0 2 _aالسكان وتخطيط وتنمية الموارد البشرية في العالم العربي :
_bالأساليب والمنهجيات /
_cمراجعة نبيل خوري، عبد المجيد فراج ؛ المساهمون نبيل خوري... [آخ.].
250 _aط. 1.
260 _aالقاهرة :
_bجامعة القاهرة، معهد الدراست والبحوث الإحصائية :
_bمنظمة العمل الدولية، المكتب الإقليمي للدول العربية، فريق عمل السكان والقوى العاملة في منطقة الشرق الأوسط وحوض البحر الأبيض المتوسط،
_c1987.
300 _a200 ص. :
_bإيض. ؛
_c24 سم.
504 _aيشتمل على إرجاعات ببليوجرافية.
541 _aأ. محمد فريد خميس ؛
_cإهداء ؛
650 7 _aتخطيط القوى العاملة
_zالبلاد العربية.
_2BUEsh
651 7 _aالبلاد العربية
_xجوانب اجتماعية.
_2BUEsh
651 7 _aالبلاد العربية
_xجوانب اقتصادية.
_2BUEsh
653 _bBUSBOL
_bGGEN
_cApril2018
700 1 _aخوري، نبيل،
_eمراجع.
700 1 _aفراج، عبد المجيد،
_eمراجع.
942 _2ddc
999 _c26604
_d26576